| Поле | Название | Значение |
| |
Тип записи |
a |
| |
Библиографический уровень |
m |
| 001 |
Контрольный номер |
7f2e366318fc4a43925ac3b476210cd4 |
| 005 |
Дата корректировки |
20201206205149.5 |
| 010 |
Индекс ISBN |
__ |
| a |
ISBN |
978-5-9691-1708-2 (в пер.) |
| d |
Цена |
882-33, 1500 экз. |
| 100 |
Данные общей обработки |
__ |
| a |
Данные общей обработки |
19181114d2018|||||||y0rusy0189 ca |
| 101 |
Язык документа |
0_ |
| a |
Язык текста |
rus |
| 102 |
Страна публикации |
__ |
| a |
Страна публикации |
RU |
| 102 |
Страна публикации |
__ |
| a |
Страна публикации |
RU |
| 105 |
Кодированные данные (монография) |
__ |
| a |
Кодированные данные (монография) |
#|||||||000zy |
| 200 |
Заглавие и сведения об ответственности |
1_ |
| a |
Заглавие |
Рассекающий поле |
| e |
Сведения, относящиеся к заглавию |
[роман] |
| f |
Первые сведения об ответственности |
Владимир Козлов |
| b |
Общее обозначение материала |
Текст |
| 210 |
Выходные данные |
__ |
| a |
Место издания |
Москва |
| c |
Издательство |
Время |
| d |
Дата издания |
2018 |
| 215 |
Физическое описание |
__ |
| a |
Объем |
445, [2] с. |
| d |
Формат |
17 см |
| 225 |
Серия |
__ |
| a |
Серия |
Самое время! |
| 330 |
Аннотация |
__ |
| a |
Аннотация |
"Рассекающий поле" - это путешествие героя из самой глубинки в центр мировой культуры, внутренний путь молодого максималиста из самой беспощадной прозы к возможности красоты и любви. Действие происходит в середине 1999 года, захватывает период терактов в Москве и Волгодонске - слом эпох становится одним из главных сюжетов книги. Герой в некотором смысле представляет время, которое еще только должно наступить. В то же время это роман о зарождении художника, идеи искусства в самом низу жизни в самый прагматичный период развития постсоветского мира. Книгу питают различные жанровые традиции мировой литературы - литературное путешествие, поэма, роман воспитания, роман о художнике и даже рыцарский роман. Культурной рифмой к образу героя делается рыцарь Персеваль, появление которого некогда изменило всю европейскую литературу. |
| 333 |
Примечание о целевом назначении |
__ |
| a |
Примечание о целевом назначении |
16+. Для детей старше 16 лет |
| 606 |
Тематические рубрики |
__ |
| a |
Основная рубрика |
Художественная литература |
| 606 |
Тематические рубрики |
__ |
| a |
Основная рубрика |
Современная русская литература (произведения) |
| 610 |
Ключевые слова |
__ |
| a |
Ключевые слова |
романы |
| a |
Ключевые слова |
тема терактов |
| a |
Ключевые слова |
тема истории |
| a |
Ключевые слова |
тема общества |
| a |
Ключевые слова |
тема людей |
| a |
Ключевые слова |
тема жизни |
| a |
Ключевые слова |
современная проза |
| 686 |
Индексы других классификаций |
__ |
| 2 |
Код системы |
rubbks |
| a |
Классификационный индекс |
84(2=411.2)6-4; ст84(2Рос=Рус)6-4 |
| 700 |
Автор |
_1 |
| a |
Фамилия |
Козлов |
| b |
Имя |
В. И. |
| f |
Даты |
1980- |
| g |
Полное личное имя |
Владимир Иванович |
| 4 |
Код отношения |
070 |
| 801 |
Источник записи |
_2 |
| a |
Страна |
RU |
| b |
Организация |
Муниципальное бюджетное учреждение культуры "Централизованная библиотечная система" г. Сургут (Центральная городская библиотека им. А. С. Пушкина) |
| c |
Дата составления |
20181114 |
| 852 |
Данные о местонахождении |
__ |
| j |
Шифр хранения |
84(2=411.2)6-4 |
| i |
Авторский знак |
К 59 |
| 901 |
Тип документа |
__ |
| a |
Ответственный |
ООФиК/Волкова |
| t |
Тип документа |
m |
| 903 |
Характеристики (МАРС) |
__ |
| a |
Дата передачи |
20181114 |
| 990 |
Данные о заказе (DOS) |
__ |
| j |
Количество экземпляров (DOS) |
6 |
| t |
N записи в КСУ для И/У (DOS) |
201811 |